<?xml version="1.0" encoding="UTF-8"?>
<marc:record xmlns:marc="http://www.loc.gov/MARC21/slim">
   <marc:leader>00000nam a2200000 a 4500</marc:leader>
   <marc:datafield ind1="1" ind2=" " tag="100">
      <marc:subfield code="a">Rohrbach, Dirk</marc:subfield>
      <marc:subfield code="4">aut</marc:subfield>
      <marc:subfield code="e">Verfasser/-in</marc:subfield>
   </marc:datafield>
   <marc:datafield ind1="0" ind2="0" tag="245">
      <marc:subfield code="a">6000 Kilometer westwärts: Auf dem Rad mitten durch Amerika</marc:subfield>
   </marc:datafield>
   <marc:datafield ind1="0" ind2="0" tag="245">
      <marc:subfield code="c">Dirk Rohrbach</marc:subfield>
   </marc:datafield>
   <marc:datafield ind1=" " ind2="1" tag="264">
      <marc:subfield code="a">München</marc:subfield>
      <marc:subfield code="b">Malik National Geographic</marc:subfield>
      <marc:subfield code="c">2017</marc:subfield>
   </marc:datafield>
   <marc:datafield ind1="1" ind2=" " tag="520">
      <marc:subfield code="a">Dirk Rohrbach fühlt sich in keinem anderen Land so zu Hause wie in Amerika. 40 Reisen in 25 Jahren hat er dorthin unternommen, Zehntausende von Meilen zurückgelegt: zu Fuß, im Kanu, auf dem Fahrrad und mit seinem 74er Ford Truck Loretta. Jetzt sattelt er wieder sein Rad und durchquert den Kontinent vom Atlantik zum Pazifik, immer auf der Suche nach spannenden Geschichten und außergewöhnlichen Menschen. Die genaue Route ergibt sich unterwegs, kein GPS-Navi, sondern Seiten aus dem Straßenatlas weisen ihm den Weg. Er nimmt uns mit auf eine Reise durch ein Land, das ihn doch jedes Mal aufs Neue inspiriert.</marc:subfield>
   </marc:datafield>
   <marc:datafield ind1=" " ind2=" " tag="020">
      <marc:subfield code="a">9783492406109</marc:subfield>
      <marc:subfield code="9">9783492406109</marc:subfield>
   </marc:datafield>
   <marc:datafield ind1=" " ind2=" " tag="020">
      <marc:subfield code="a">3492406106</marc:subfield>
      <marc:subfield code="9">3492406106</marc:subfield>
   </marc:datafield>
   <marc:datafield ind1=" " ind2=" " tag="300">
      <marc:subfield code="a">239 S.: Abb.</marc:subfield>
   </marc:datafield>
</marc:record>
